| 000 | 01204cam a22003497a 4500 | ||
|---|---|---|---|
| 003 | CHAP | ||
| 005 | 20220817043054.0 | ||
| 008 | 971010s1984 r 00010 d | ||
| 010 | _a64688 | ||
| 011 | _a65660 | ||
| 035 | _a72905 | ||
| 040 | _cCHAP | ||
| 090 | _aFolleto 10209 | ||
| 100 | 0 | 0 |
_aFarías Fernández, José Manuel. _939789 |
| 245 | 1 | 3 |
_aEl mijo perla _b: un nuevo forraje para la Comarca Lagunera |
| 260 |
_aMatamoros, Coah. : _bINIA. Campo Agrícola Experimental La Laguna, _c1984 |
||
| 300 |
_a9 p. _b: ilus. |
||
| 490 | 0 |
_aFolleto para productores _v; 8 |
|
| 590 |
_aBATCH-UPD _b10 _c20130110 _lUCH01 _h0620 |
||
| 590 |
_aBATCH-UPD _b10 _c20130410 _lUCH01 _h0303 |
||
| 590 |
_aBATCH-UPD _b10 _c20130914 _lUCH01 _h1353 |
||
| 590 |
_aCONVERSION _b10 _c20130109 _lUCH01 _h1335 |
||
| 650 | 1 | 4 |
_aForrajes _xComarca Lagunera. _942562 |
| 650 | 1 | 4 |
_aMijo perla. _975666 |
| 700 | 0 |
_aFaz Contreras, Rodolfo. _939886 |
|
| 830 | 0 |
_aFolleto para productores _v; 8 |
|
| 901 | _aBK | ||
| 942 | _cFOLL | ||
| 949 |
_aFolleto 10209 _bBC _cFOLL _d-145117 _eTS1 _i72905 _mD _si |
||
| 949 |
_aFolleto 10209 _bBC _cFOLL _d-145119 _eTS2 _fc.2 _i72905 _si |
||
| 949 |
_aFolleto 10209 _bBC _cFOLL _d-145121 _eTS2 _fc.3 _i72905 _si |
||
| 999 |
_c64688 _d64688 |
||